Word Ladder: Best in Basketball? Quiz Stats

Quiz Updated Apr 20, 2016

Challenge
Share
Tweet
Embed
Score 0/11 Timer 01:30
0 Plays Today
Hint 4-Letter Word % Correct
◍ First place medal ◍◍ GOLD ◍
98.4%
Finished, completedDONE
87.5%
Fortune favors those who are thisBOLD
84.9%
Ian Fleming's spyBOND
84.7%
To curve or stoopBEND
84%
Affleck, Whishaw, and Kingsley, e.g.BENS
82.4%
◍ Relaxing rooms or lions' lairs ◍◍ DENS ◍
82.2%
Quality of a musical soundTONE
80.9%
Puts on an article of clothingDONS
78.8%
To carry; a type of bagTOTE
76.7%
◍ 'Modern' London gallery, or UFC fighter Miesha ◍◍ TATE ◍
67.5%

Today's Daily Dose

Quick Pick
Brass Quintet

On This Day
May 22nd II

You're not logged in!

Compare scores with friends on all Sporcle quizzes.
Join for Free
OR
Log In

You Might Also Like...

Show Comments

Extras

Top Quizzes Today


Score Distribution

Your Account Isn't Verified!

In order to create a playlist on Sporcle, you need to verify the email address you used during registration. Go to your Sporcle Settings to finish the process.

Report this User

Report this user for behavior that violates our Community Guidelines.

Details: